[Event "Kirov Region-ch FL"]
[Site "Kirov"]
[Date "2015.10.14"]
[Round "6"]
[White "Bulavin, Alexander"]
[Black "Kharitonov, Alexey"]
[Result "1-0"]
[WhiteElo "2247"]
[BlackElo "2204"]
[PlyCount "77"]
[EventDate "2015.10.09"]
[EventType "swiss"]
[EventRounds "9"]
[EventCountry "RUS"]
[SourceTitle "EXT 2018"]
[Source "ChessBase"]
[SourceDate "2017.10.13"]
[SourceVersion "1"]
[SourceVersionDate "2017.10.13"]
[SourceQuality "1"]

1. e4 c5 2. Nf3 e6 3. b3 Nf6 4. e5 Nd5 5. Bb2 Be7 6. c4 Nc7 7. Nc3 0-0 8. Ne4 Ne8 9. Qc2 Nc6 10. a3 d5 11. exd6 Nxd6 12. Nxc5 Nf5 13. Ne4 Nfd4 14. Nxd4 Nxd4 15. Qd3 e5 16. Bxd4 exd4 17. Be2 a5 18. f4 Re8 19. 0-0 Ra6 20. Bf3 Bf5 21. Kh1 Re6 22. g4 Bxe4 23. Bxe4 h5 24. Bd5 Rb6 25. g5 Qd6 26. Rae1 Qg6 27. Qf3 Kf8 28. a4 f5 29. Re5 Bd6 30. Rxe8+ Qxe8 31. Qd3 Qd7 32. Re1 Bc5 33. Qe2 Rd6 34. Qxh5 Rxd5 35. g6 Re5 36. Qh8+ Ke7 37. Rxe5+ Kf6 38. Rxc5 Qd6 39. Qh4+ 1-0

[Event "Kirov Chudinovskikh Memorial 2nd"]
[Site "Kirov"]
[Date "2015.07.14"]
[Round "8"]
[White "Kharitonov, Alexey"]
[Black "Ljashenko, Konstantin"]
[Result "0-1"]
[WhiteElo "2237"]
[BlackElo "2102"]
[PlyCount "90"]
[EventDate "2015.07.02"]
[EventType "tourn"]
[EventRounds "10"]
[EventCountry "RUS"]
[SourceTitle "EXT 2016"]
[Source "ChessBase"]
[SourceDate "2015.10.08"]
[SourceVersion "1"]
[SourceVersionDate "2015.10.08"]
[SourceQuality "1"]

1. e4 b6 2. Nf3 e6 3. d4 Bb7 4. Bd3 c5 5. c3 cxd4 6. cxd4 Bb4+ 7. Nc3 Nf6 8. Qc2 h6 9. 0-0 a6 10. Ne2 0-0 11. a3 Be7 12. Ng3 Nc6 13. Bf4 d6 14. Qd2 Nh7 15. Bxh6 gxh6 16. Qxh6 Bg5 17. Qh5 e5 18. h4 Bf6 19. Nf5 Ne7 20. Nh6+ Kg7 21. Bc4 Bxe4 22. Nxf7 Rxf7 23. Qxf7+ Kh8 24. Ng5 Bxg5 25. hxg5 Ng6 26. Bd5 Nxg5 27. Qb7 Rb8 28. Bxe4 Rxb7 29. Bxb7 Qc7 30. Bxa6 Nf4 31. Rfc1 Qa7 32. Rc8+ Kg7 33. Bf1 Qd7 34. Rac1 Qg4 35. R8c7+ Kg6 36. R1c3 Qd1 37. Re3 exd4 38. Re8 d3 39. Rg8+ Kf6 40. Rf8+ Ke5 41. Re7+ Nge6 42. Rxf4 Kxf4 43. Rxe6 d2 44. g3+ Kf5 45. Rxd6 Qe1 0-1

[Event "Kirov Chudinovskikh Memorial 2nd"]
[Site "Kirov"]
[Date "2015.07.10"]
[Round "6"]
[White "Kharitonov, Alexey"]
[Black "Dvinskikh, Leonid"]
[Result "1-0"]
[WhiteElo "2237"]
[BlackElo "2041"]
[PlyCount "137"]
[EventDate "2015.07.02"]
[EventType "tourn"]
[EventRounds "10"]
[EventCountry "RUS"]
[SourceTitle "EXT 2016"]
[Source "ChessBase"]
[SourceDate "2015.10.08"]
[SourceVersion "1"]
[SourceVersionDate "2015.10.08"]
[SourceQuality "1"]

1. d4 d5 2. c4 e6 3. Nf3 Nf6 4. Nc3 Nbd7 5. g4 Bb4 6. Qb3 Bxc3+ 7. bxc3 0-0 8. Bf4 Nb6 9. c5 Nc4 10. g5 Ne4 11. e3 e5 12. dxe5 Nxc5 13. Qc2 Qe7 14. Nd4 Nxe5 15. 0-0-0 Ne4 16. f3 Nd6 17. Qb3 c6 18. Qa3 Re8 19. e4 Ndc4 20. Qxe7 Rxe7 21. exd5 cxd5 22. Bg2 Ng6 23. Rhe1 Be6 24. Bg3 Rae8 25. h4 Bd7 26. Rxe7 Nxe7 27. Bf2 a6 28. f4 Bc6 29. Nxc6 bxc6 30. Re1 f5 31. Bc5 Kf7 32. h5 g6 33. Rh1 Rg8 34. Bf3 Re8 35. hxg6+ hxg6 36. Rh7+ Ke6 37. Rg7 Nd6 38. Bd4 Rb8 39. Bf6 Ndc8 40. Be2 Ra8 41. Rh7 c5 42. Rh8 Ra7 43. Rf8 c4 44. Bd4 Rc7 45. Rf6+ Kd7 46. Rxa6 Nc6 47. Bd1 Nxd4 48. cxd4 Ne7 49. Ba4+ Kc8 50. Bb5 Kb8 51. a4 Ra7 52. Re6 Rc7 53. Kc2 Ka7 54. Kc3 Kb7 55. Be8 Ka7 56. Bxg6 Rb7 57. Be8 Rb3+ 58. Kc2 Nc8 59. a5 Rf3 60. Bd7 Kb7 61. Bc6+ Kc7 62. Bxd5 Rxf4 63. Kc3 Rg4 64. g6 Nd6 65. Bxc4 Kd7 66. a6 Rg3+ 67. Kb4 Nxc4 68. a7 Ra3 69. g7 1-0

[Event "Kirov Chudinovskikh Memorial 2nd"]
[Site "Kirov"]
[Date "2015.07.02"]
[Round "1"]
[White "Dvinskikh, Leonid"]
[Black "Kharitonov, Alexey"]
[Result "1/2-1/2"]
[WhiteElo "2041"]
[BlackElo "2237"]
[PlyCount "263"]
[EventDate "2015.07.02"]
[EventType "tourn"]
[EventRounds "10"]
[EventCountry "RUS"]
[SourceTitle "EXT 2016"]
[Source "ChessBase"]
[SourceDate "2015.10.08"]
[SourceVersion "1"]
[SourceVersionDate "2015.10.08"]
[SourceQuality "1"]

1. c4 f5 2. d4 Nf6 3. g3 e6 4. Bg2 Bb4+ 5. Nd2 0-0 6. Nh3 d5 7. 0-0 Bxd2 8. Bxd2 dxc4 9. Bb4 Re8 10. Rc1 Nd5 11. Rxc4 b5 12. Rc1 Bb7 13. Qd2 a5 14. Bc5 Nd7 15. Rfd1 N7f6 16. f3 Ra6 17. Nf2 Qa8 18. Nd3 Nd7 19. Re1 N5f6 20. Qc2 h6 21. Qb3 b4 22. Qc2 Bd5 23. b3 Bb7 24. Nb2 Nd5 25. Na4 Ne3 26. Qd3 Nxg2 27. Kxg2 Nf6 28. Nb2 Qd8 29. Nc4 Ne4 30. Ne5 Nc3 31. a3 Qd5 32. axb4 axb4 33. Bxb4 Na2 34. Rc4 Rb6 35. Bc5 Ra6 36. Qd2 Rea8 37. Rc2 Bc8 38. Rb2 Rb8 39. Rxa2 Qxb3 40. Rea1 Rxa2 41. Rxa2 Bb7 42. Rb2 Qxb2 43. Qxb2 Bxf3+ 44. Kxf3 Rxb2 45. h4 g5 46. hxg5 hxg5 47. g4 Rb3+ 48. Nd3 Kg7 49. gxf5 exf5 50. d5 Kg6 51. d6 cxd6 52. Bxd6 Kh5 53. Bg3 Ra3 54. Bd6 Ra4 55. Bg3 Re4 56. Bc7 Re8 57. Bg3 Rd8 58. Bc7 Rd4 59. Bg3 Ra4 60. Bd6 Ra1 61. Bg3 Rg1 62. Kf2 Rh1 63. Kg2 Rb1 64. Kf3 Kg6 65. Ne5+ Kf6 66. Nd3 Ke6 67. Ke3 Kd5 68. Bc7 Rh1 69. Nf2 Rg1 70. Bh2 Rg2 71. Bc7 Ke6 72. Kf3 Rg1 73. Nd3 Rf1+ 74. Kg2 Rb1 75. Kf3 Kd5 76. Bh2 Kc4 77. Be5 Kb3 78. Bf6 g4+ 79. Kf2 Kc2 80. Be5 Kd2 81. Bf4+ Kd1 82. Be5 Rb7 83. Bf4 Re7 84. e3 Ra7 85. Ne5 Ra2+ 86. Kg3 Ke2 87. Nxg4 fxg4 88. Kxg4 Ra5 89. Kg3 Ra8 90. Kg4 Rf8 91. Bg5 Kd3 92. Bf4 Ke4 93. Kg5 Rg8+ 94. Kf6 Rg2 95. Bg5 Rg1 96. Bf4 Ra1 97. Kg5 Ra6 98. Kh5 Kf5 99. Kh4 Rg6 100. Kh3 Rg4 101. Kh2 Ke4 102. Kh3 Kf3 103. Kh2 Rh4+ 104. Kg1 Rh7 105. Be5 Kxe3 106. Kg2 Rh6 107. Kg3 Rg6+ 108. Kh4 Ke4 109. Bc7 Rg7 110. Bd6 Rg2 111. Bc7 Rc2 112. Bd6 Rd2 113. Bc7 Rd7 114. Bb8 Rb7 115. Bd6 Rb6 116. Bc7 Rc6 117. Bb8 Rg6 118. Bc7 Rg8 119. Bd6 Kf5 120. Bc7 Rc8 121. Bd6 Rc3 122. Bb8 Rc4+ 123. Kg3 Rc8 124. Bd6 Rc3+ 125. Kf2 Ke4 126. Bb8 Rf3+ 127. Kg2 Ke3 128. Ba7+ Ke2 129. Bc5 Rf5 130. Bd6 Rg5+ 131. Kh3 Kf3 132. Kh4 1/2-1/2

[Event "Kirov Arakelian Memorial-A 5th"]
[Site "Kirov"]
[Date "2015.05.04"]
[Round "3"]
[White "Kharitonov, Alexey"]
[Black "Bulavin, Alexander"]
[Result "1/2-1/2"]
[WhiteElo "2233"]
[BlackElo "2241"]
[PlyCount "72"]
[EventDate "2015.05.03"]
[EventType "tourn"]
[EventRounds "7"]
[EventCountry "RUS"]
[SourceTitle "EXT 2018"]
[Source "ChessBase"]
[SourceDate "2017.10.13"]
[SourceVersion "1"]
[SourceVersionDate "2017.10.13"]
[SourceQuality "1"]

1. d4 d6 2. Nf3 Nf6 3. c4 Nbd7 4. Nc3 e5 5. Bg5 Be7 6. Qc2 c6 7. e3 Qc7 8. Bd3 Nf8 9. 0-0 Bg4 10. Nd2 Bd7 11. Bh4 Ng6 12. Bg3 Nh5 13. Bf5 exd4 14. Bxd7+ Qxd7 15. exd4 0-0 16. d5 c5 17. Rae1 Rfe8 18. Re4 Bf8 19. Rfe1 Nxg3 20. hxg3 a6 21. a4 Ne5 22. Nf3 Nxf3+ 23. gxf3 g6 24. Qe2 Rxe4 25. Qxe4 h6 26. Kg2 Rb8 27. Re3 Bg7 28. Qe7 Qxe7 29. Rxe7 Bxc3 30. bxc3 b5 31. cxb5 axb5 32. axb5 Rxb5 33. Rd7 Rb3 34. Rxd6 Rxc3 35. Rc6 c4 36. d6 Rd3 1/2-1/2

[Event "Kirov Arakelian Memorial-A 5th"]
[Site "Kirov"]
[Date "2015.05.04"]
[Round "2"]
[White "Ljashenko, Konstantin"]
[Black "Kharitonov, Alexey"]
[Result "0-1"]
[WhiteElo "2087"]
[BlackElo "2233"]
[PlyCount "58"]
[EventDate "2015.05.03"]
[EventType "tourn"]
[EventRounds "7"]
[EventCountry "RUS"]
[SourceTitle "EXT 2018"]
[Source "ChessBase"]
[SourceDate "2017.10.13"]
[SourceVersion "1"]
[SourceVersionDate "2017.10.13"]
[SourceQuality "1"]

1. c4 Nf6 2. Nc3 d5 3. cxd5 Nxd5 4. g3 e5 5. Bg2 Nb6 6. Nf3 Nc6 7. 0-0 Be7 8. a4 a5 9. d3 0-0 10. Be3 Bg4 11. h3 Be6 12. Kh2 f5 13. Bxb6 cxb6 14. Nd2 Kh8 15. Nc4 e4 16. Na3 Qe8 17. dxe4 Rd8 18. Qe1 f4 19. gxf4 Rxf4 20. e3 Qf7 21. Nab5 Rf3 22. Ne2 Ne5 23. Ng3 Bc4 24. Nd4 Bb4 25. Qd1 Bxf1 26. Nxf3 Rxd1 27. Rxd1 Nxf3+ 28. Bxf3 Qxf3 29. Rxf1 Bd6 0-1

[Event "Kirov Shakhov Memorial-A 2nd"]
[Site "Kirov"]
[Date "2014.12.31"]
[Round "7"]
[White "Kharitonov, Alexey"]
[Black "Bikuzhin, Maksim"]
[Result "0-1"]
[WhiteElo "2281"]
[BlackElo "2241"]
[PlyCount "98"]
[EventDate "2014.12.27"]
[EventType "tourn"]
[EventRounds "9"]
[EventCountry "RUS"]
[SourceTitle "CBM 164 Extra"]
[Source "ChessBase"]
[SourceDate "2015.03.02"]
[SourceVersion "1"]
[SourceVersionDate "2015.03.02"]
[SourceQuality "1"]

1. e4 c5 2. Nf3 Nf6 3. e5 Nd5 4. d4 cxd4 5. c3 Nc6 6. Bc4 Nb6 7. Bb3 d5 8. exd6 Qxd6 9. cxd4 Bf5 10. Nc3 e6 11. 0-0 Be7 12. Qe2 0-0 13. Rd1 Na5 14. Ne5 Nxb3 15. axb3 a6 16. Qf3 Nd5 17. Nc4 Qd8 18. Ne3 Nxe3 19. fxe3 Qb6 20. e4 Bg6 21. Na4 Qb4 22. Nc3 Rfd8 23. Ne2 Bf6 24. Ra4 Qb6 25. Kh1 Rac8 26. Bd2 Qc6 27. e5 Qxf3 28. gxf3 Bxe5 29. dxe5 Bc2 30. Rc1 Rxd2 31. Ng3 Rd1+ 32. Rxd1 Bxd1 33. Kg2 Rc2+ 34. Kh3 Bxf3 35. Rc4 Rxc4 36. bxc4 f5 37. exf6 gxf6 38. Nf1 Kf7 39. Kg3 Bc6 40. c5 e5 41. Ne3 Ke6 42. Kg4 Be4 43. h4 f5+ 44. Kg5 f4 45. Ng4 Bf3 46. Nh6 Be2 47. h5 a5 48. Nf5 f3 49. Ng3 f2 0-1

[Event "Kirov Shakhov Memorial-A 2nd"]
[Site "Kirov"]
[Date "2014.12.27"]
[Round "1"]
[White "Kharitonov, Alexey"]
[Black "Rakhmangulova, Anastasiya"]
[Result "1/2-1/2"]
[WhiteElo "2281"]
[BlackElo "2161"]
[PlyCount "87"]
[EventDate "2014.12.27"]
[EventType "tourn"]
[EventRounds "9"]
[EventCountry "RUS"]
[SourceTitle "CBM 164 Extra"]
[Source "ChessBase"]
[SourceDate "2015.03.02"]
[SourceVersion "1"]
[SourceVersionDate "2015.03.02"]
[SourceQuality "1"]

1. d4 Nf6 2. Nf3 c5 3. g3 b6 4. d5 d6 5. c4 b5 6. cxb5 a6 7. bxa6 Bxa6 8. Nc3 g6 9. e4 Bxf1 10. Kxf1 Bg7 11. Kg2 0-0 12. Qe2 Nbd7 13. Bd2 Qb6 14. Rhb1 Ne8 15. Nb5 Qa6 16. Bc3 Nc7 17. Bxg7 Kxg7 18. Nc3 Qxe2 19. Nxe2 f5 20. Nf4 fxe4 21. Ng5 Rf5 22. h4 Kg8 23. Nge6 Nxe6 24. dxe6 Nf8 25. b4 cxb4 26. Rxb4 Re5 27. a4 Nxe6 28. Nxe6 Rxe6 29. Rb5 e3 30. fxe3 Rxe3 31. a5 Ra6 32. Kf2 Rc3 33. Ra4 Kf7 34. h5 gxh5 35. Rxh5 Rc5 36. Rxc5 dxc5 37. Ke3 Ke6 38. Ke4 Kd6 39. g4 Kc6 40. Ra1 Kb5 41. Rb1+ Kxa5 42. Kd5 Rg6 43. Kxc5 Rg5+ 44. Kc6 1/2-1/2

[Event "Kirov Region-ch"]
[Site "Kirov"]
[Date "2014.10.16"]
[Round "7"]
[White "Kharitonov, Alexey"]
[Black "Uraev, Ivan"]
[Result "0-1"]
[WhiteElo "2211"]
[BlackElo "2226"]
[PlyCount "66"]
[EventDate "2014.10.10"]
[EventType "swiss"]
[EventRounds "9"]
[EventCountry "RUS"]
[SourceTitle "EXT 2018"]
[Source "ChessBase"]
[SourceDate "2017.10.13"]
[SourceVersion "1"]
[SourceVersionDate "2017.10.13"]
[SourceQuality "1"]

1. e4 c5 2. Nf3 d6 3. d4 cxd4 4. Nxd4 a6 5. Bc4 Nf6 6. Nc3 e6 7. Bb3 Be7 8. f4 Qa5 9. 0-0 Nc6 10. Be3 Bd7 11. f5 Nxd4 12. Qxd4 0-0 13. Kh1 Kh8 14. Rf3 exf5 15. Raf1 Qe5 16. Qd1 fxe4 17. Bd4 Qh5 18. Bxf6 Bxf6 19. Nxe4 Be5 20. Ng3 Qh4 21. Qd3 f5 22. c3 g6 23. Bd5 Rae8 24. Bxb7 Bb5 25. Qd1 Bxg3 26. Rxg3 Bxf1 27. Qxd6 Qf6 28. Qf4 Bc4 29. h4 Bxa2 30. h5 Re1+ 31. Kh2 Qb6 32. Rxg6 Qg1+ 33. Kg3 Qe3+ 0-1

[Event "Kirov Region-ch"]
[Site "Kirov"]
[Date "2014.10.14"]
[Round "5"]
[White "Kharitonov, Alexey"]
[Black "Trifonov, Pavel"]
[Result "1-0"]
[WhiteElo "2211"]
[BlackElo "2211"]
[PlyCount "53"]
[EventDate "2014.10.10"]
[EventType "swiss"]
[EventRounds "9"]
[EventCountry "RUS"]
[SourceTitle "EXT 2018"]
[Source "ChessBase"]
[SourceDate "2017.10.13"]
[SourceVersion "1"]
[SourceVersionDate "2017.10.13"]
[SourceQuality "1"]

1. d4 d5 2. Nf3 Nf6 3. c4 c6 4. Nc3 dxc4 5. a4 Bf5 6. Ne5 Nbd7 7. Nxc4 Qc7 8. g3 e5 9. dxe5 Nxe5 10. Bf4 Nfd7 11. Bg2 g5 12. Ne3 gxf4 13. Nxf5 0-0-0 14. 0-0 fxg3 15. hxg3 Kb8 16. Qc2 h5 17. Ne4 h4 18. Nxh4 Ng4 19. Rfd1 Rxh4 20. gxh4 Qh2+ 21. Kf1 f5 22. Ng5 Qf4 23. Nf3 Be7 24. Rd3 Rg8 25. Rxd7 Nh2+ 26. Nxh2 Qxh2 27. Rxb7+ 1-0

[Event "Kirov Region-ch"]
[Site "Kirov"]
[Date "2014.10.13"]
[Round "4"]
[White "Dvinskikh, Leonid"]
[Black "Kharitonov, Alexey"]
[Result "0-1"]
[WhiteElo "2091"]
[BlackElo "2211"]
[PlyCount "132"]
[EventDate "2014.10.10"]
[EventType "swiss"]
[EventRounds "9"]
[EventCountry "RUS"]
[SourceTitle "EXT 2018"]
[Source "ChessBase"]
[SourceDate "2017.10.13"]
[SourceVersion "1"]
[SourceVersionDate "2017.10.13"]
[SourceQuality "1"]

1. d4 Nf6 2. Nf3 g6 3. c4 Bg7 4. Nc3 d5 5. Qb3 dxc4 6. Qxc4 0-0 7. e4 Na6 8. Be2 c5 9. d5 e6 10. 0-0 exd5 11. exd5 Re8 12. Rd1 Bf5 13. Bf4 Ne4 14. Be3 Nxc3 15. bxc3 Bc2 16. d6 Bxd1 17. Rxd1 h6 18. Qb3 Qb6 19. Qd5 Rad8 20. Bc4 Rd7 21. Bf4 Nb8 22. Ne5 Bxe5 23. Bxe5 Nc6 24. Bg3 Na5 25. Bf1 Qc6 26. Qd2 Kh7 27. h4 b5 28. h5 Nc4 29. hxg6+ fxg6 30. Bxc4 bxc4 31. Re1 Rxe1+ 32. Qxe1 Qd5 33. Qe8 Rb7 34. Be5 g5 35. Qh8+ Kg6 36. Qf6+ Kh5 37. f3 Rh7 38. Qf5 Qd3 39. Qh3+ Kg6 40. Qe6+ Kh5 41. Qh3+ Kg6 42. Qe6+ Kh5 43. g4+ Kh4 44. Kf2 Qd2+ 45. Kf1 Kh3 46. Qg6 Qd3+ 47. Qxd3 cxd3 48. c4 Rb7 49. Ke1 Kg2 50. Kd2 Kxf3 51. Kxd3 h5 52. gxh5 g4 53. h6 g3 54. Bxg3 Kxg3 55. Ke4 Kg4 56. Kd5 Kf5 57. Kc6 Rh7 58. Kxc5 Ke6 59. Kc6 Rxh6 60. c5 Rh5 61. a4 a5 62. Kb6 Kd7 63. Kb5 Rh4 64. Kxa5 Kc6 65. d7 Rd4 66. d8Q Rxd8 0-1

[Event "Kirov Region-ch"]
[Site "Kirov"]
[Date "2013.10.19"]
[Round "9"]
[White "Uraev, Ivan"]
[Black "Kharitonov, Alexey"]
[Result "1-0"]
[WhiteElo "2257"]
[BlackElo "2245"]
[PlyCount "95"]
[EventDate "2013.10.11"]
[EventType "swiss"]
[EventRounds "9"]
[EventCountry "RUS"]
[SourceTitle "EXT 2014"]
[Source "ChessBase"]
[SourceDate "2013.11.20"]
[SourceVersion "1"]
[SourceVersionDate "2013.11.20"]
[SourceQuality "1"]

1. e4 c5 2. Nf3 d6 3. d4 cxd4 4. Nxd4 Nf6 5. Nc3 g6 6. h3 Bg7 7. g4 Nc6 8. Nde2 b6 9. Bg2 Bb7 10. 0-0 0-0 11. f4 b5 12. a3 Nd7 13. Nd5 b4 14. axb4 Nxb4 15. Be3 a5 16. c3 Na6 17. e5 Nac5 18. exd6 exd6 19. Bd4 a4 20. Bxg7 Kxg7 21. Qd4+ Kg8 22. Rad1 Qh4 23. Rf2 Rab8 24. Nb4 Bxg2 25. Kxg2 Nf6 26. Ng3 Rfe8 27. Nd3 Nfe4 28. Nxe4 Nxe4 29. Rf3 Nc5 30. Rd2 Nb3 31. Qf2 Qe7 32. Rd1 Nc5 33. Nb4 Ne4 34. Qd4 Rb5 35. Re1 Qb7 36. Kg1 f5 37. Rfe3 Rc8 38. R1e2 Kf7 39. Kh2 Qb6 40. Rxe4 fxe4 41. Qxe4 Qb7 42. Qe6+ Kg7 43. Qxd6 Rc7 44. Re8 Rf7 45. Qd4+ Rf6 46. g5 Rxg5 47. fxg5 Qc7+ 48. Kg2 1-0